000 00896nam a2200265 i 4500
003 DO-SdBNP
005 20250321073607.0
007 ta
008 240704s2023 dr 000 0 spa d
020 _a9789945185249
040 _aDO-SdBNP
_bspa
_cBNPHU
_erda
082 _bM351
_222
100 _aMarmolejos, Julio César
_911765
_eautor
245 1 0 _aVilla Juana :
_ben mis recuerdos /
_cJulio César Marmolejos ; prólogo Rafael Peralta Romero
264 1 _aSanto Domingo :
_bTiempo de nosotros,
_c2023.
300 _a156 páginas,
_c23 cm.
336 _2rdacontent
_atexto
_btxt
337 _2rdamedia
_asin mediación
_bn
338 _2rdacarrier
_avolumen
_bnc
500 _aIncluye datos biográficos del autor en la solapa de la portada.
590 _aInventariado, 2024/ YL
700 1 _aPeralta Romero, Rafael,
_d1948-
_eprólogo
_979774
910 _aYLockward
942 _2ddc
_cLBS1
999 _c57156
_d57156